| 000 | 00792cam a2200193 4500 | ||
|---|---|---|---|
| 001 | WB3844-09 | ||
| 008 | 021128n2002 000 0 eng u | ||
| 035 | _a(Sirsi) u120609 | ||
| 245 | _aAsbestos laws come into force | ||
| 260 | _c2002 | ||
| 490 |
_aConstruction News _v (6794) 28 November 2002, 6(1) |
||
| 520 | _aNew regulations regarding protection of refurbishment workers for asbestos related conditions came into force 21 November 2002. Responsibility for monitoring asbestos products in buildings now rests with commercial property managers. | ||
| 590 | _aWB | ||
| 650 | _aMANAGEMENT-HEALTH AND SAFETY-HAZARDOUS SUBSTANCES-ASBESTOS | ||
| 650 | _aCONTROL OF ASBESTOS AT WORK REGULATIONS 2002 | ||
| 650 | _aPROPERTY MANAGERS | ||
| 690 |
_aHEALTH AND SAFETY _96244 |
||
| 942 | _n0 | ||
| 999 |
_c71664 _d71664 |
||